000 00400nam a22001697a 4500
003 OSt
008 230505b |||||||| |||| 00| 0 eng d
020 _a9788131804094
082 _a620.00151 BAT
100 _aBANSAL,RK
245 _aTextbook of Engineering Mechanics
250 _a6th Ed
260 _aNew Delhi
_bLaxmi
_c2023
300 _a807
650 _aDecentralization
942 _2ddc
_cREF
999 _c11986
_d11986